Financial Management In Agriculture

Financial Management in Agriculture, Seventh Edition, introduces students to modern concepts and tools of finance, developed and applied to the agricultural sector. Using case studies, practical problems, and a lucid presentation, the text focuses on planning, analyzing, and controlling business per...

全面介紹

Đã lưu trong:
書目詳細資料
主要作者: Barry, Peter J.
格式: 圖書
語言:Undetermined
出版: Boston Prentice Hall 2012
主題:
標簽: 添加標簽
沒有標簽, 成為第一個標記此記錄!
Thư viện lưu trữ: Trung tâm Học liệu Trường Đại học Cần Thơ
LEADER 00966nam a2200217Ia 4500
001 CTU_207553
008 210402s9999 xx 000 0 und d
020 |c 3192000 
082 |a 630.681 
082 |b B279 
100 |a Barry, Peter J. 
245 0 |a Financial Management In Agriculture 
245 0 |c Peter J. Barry, Paul N. Ellinger. 
260 |a Boston 
260 |b Prentice Hall 
260 |c 2012 
520 |a Financial Management in Agriculture, Seventh Edition, introduces students to modern concepts and tools of finance, developed and applied to the agricultural sector. Using case studies, practical problems, and a lucid presentation, the text focuses on planning, analyzing, and controlling business performance in agriculture and related financial markets 
650 |a Nông nghiệp,Agriculture 
650 |x Tài chính,Quản lý,Finance,Management. 
904 |i Tuyến 
980 |a Trung tâm Học liệu Trường Đại học Cần Thơ